Familias, poder e riqueza: redes politicas no Paranà em 2007 /

Según autor, el estado de Paraná se ha mostrado como ejemplo de modernidad y racionalidad, adherido a los valores y a las prácticas del capitalismo gobernados por los principios del imparcialidad y eficacia. Este artículo demuestra lo problemático de dichas afirmaciones a partir de la genealogía de...

Celý popis

Uloženo v:
Podrobná bibliografie
Hlavní autor: Costa de Oliveira, Ricardo
Médium: Text
Témata:
Tagy: Přidat tag
Žádné tagy, Buďte první, kdo vytvoří štítek k tomuto záznamu!

MARC

LEADER 00000 a a2200000 04500
001 18352
003
040
100 |a Costa de Oliveira, Ricardo  
245 |a Familias, poder e riqueza:   |b redes politicas no Paranà em 2007 /  |c Ricardo Costa de Oliveira 
520 |a Según autor, el estado de Paraná se ha mostrado como ejemplo de modernidad y racionalidad, adherido a los valores y a las prácticas del capitalismo gobernados por los principios del imparcialidad y eficacia. Este artículo demuestra lo problemático de dichas afirmaciones a partir de la genealogía de las familias que actualmente ostentan el poder y la riqueza. Los nombres distinguidos en la política y la economía componen una sorprendente red de relaciones familiares, parentesco, y de privilegios que aseguran la estructura del poder en los panoramas económicos y políticos más distintos  
650 |a GENEALOGIA  
650 |a POLITICA  
650 |a RIQUEZA  
650 |a REDES SOCIALES  
650 |a BRASIL  
773 |g volumen 9, número 18; páginas 150-168  
999 |c 30903  |d 30903